000
00301nam a22001217a 4500
008
230626b xxu||||| |||| 00| 0 eng d
082
_a
331.88
_b
FFA
100
_c
Victor Feather
245
_a
The Essence of Trade Unionism
260
_a
London
_b
The Bodley Ltd
_c
1963
300
_a
127p
942
_2
ddc
_c
BK
999
_c
2686
_d
2686